More bears! / (Record no. 3134)

MARC details
000 -LEADER
fixed length control field 01631cam a22002898i 4500
005 - DATE AND TIME OF LATEST TRANSACTION
control field 20240208104841.0
020 ## - INTERNATIONAL STANDARD BOOK NUMBER
International Standard Book Number 9780545430012
040 ## - CATALOGING SOURCE
Original cataloging agency DLC
Language of cataloging eng
Description conventions rda
Transcribing agency DLC
050 00 - LIBRARY OF CONGRESS CALL NUMBER
Classification number PZ7.N43782
082 00 - DEWEY DECIMAL CLASSIFICATION NUMBER
Classification number 813.6
100 1# - MAIN ENTRY--PERSONAL NAME
Personal name Nesbitt, Kenn
Relator term author.
245 10 - TITLE STATEMENT
Title More bears! /
Statement of responsibility, etc. by Nesbitt, Kenn : illustrated by Cummings, Troy
250 ## - EDITION STATEMENT
Edition statement First Scholastic printing , December 2011
260 ## - PUBLICATION, DISTRIBUTION, ETC.
Place of publication, distribution, etc. New York :
Name of publisher, distributor, etc. Scholastic ,
Date of publication, distribution, etc. 2010
300 ## - PHYSICAL DESCRIPTION
Extent 30 unnumbered pages :
Other physical details color illustrations ;
Dimensions 21 cm .
505 ## - FORMATTED CONTENTS NOTE
Formatted contents note O <br/>
520 ## - SUMMARY, ETC.
Summary, etc. Once upon a time there was a story. It was a lovely story with absolutely NO BEARS in it-not a SINGLE BEAR anywhere. Then one day...MORE BEARS! KENN NESBITT is possibly the funniest and most sought-after children's poet writing today. When he's not writing, podcasting, updating his website (poetry4kids.com), or visiting schools sharing his wacky brand of humor with kids across America, Kenn can be found cuddling his collection of stuffed bears. He seriously cannot get enough of bears. Or chickens. TROY CUMMINGS has been drawing goofy animals pretty much nonstop since kindergarten. His illustrations have appeared in newspapers, in magazines, on websites, on frozen fish stick packages, and in hospital waiting rooms. He hibernates in Greencastle, Indiana, with his wife and cubs.
521 ## - TARGET AUDIENCE NOTE
Target audience note 630 <br/>
Source Lexile <br/>
521 ## - TARGET AUDIENCE NOTE
Target audience note O <br/>
Source Raz-Plus <br/>
650 #1 - SUBJECT ADDED ENTRY--TOPICAL TERM
Topical term or geographic name entry element Authors
Form subdivision Fiction.
650 #1 - SUBJECT ADDED ENTRY--TOPICAL TERM
Topical term or geographic name entry element Bears
Form subdivision Fiction.
650 #1 - SUBJECT ADDED ENTRY--TOPICAL TERM
Topical term or geographic name entry element Humorous stories.
700 1# - ADDED ENTRY--PERSONAL NAME
Personal name Cummings, Troy
Relator term illustrator
906 ## - LOCAL DATA ELEMENT F, LDF (RLIN)
a 7
b cbc
c orignew
d 1
e ecip
f 20
g y-gencatlg
942 ## - ADDED ENTRY ELEMENTS (KOHA)
Source of classification or shelving scheme Dewey Decimal Classification
Koha item type Books
Suppress in OPAC No
999 ## -
-- 3134
-- 3134
Holdings
Withdrawn status Lost status Source of classification or shelving scheme Damaged status Not for loan Collection Home library Current library Shelving location Date acquired Total Checkouts Full call number Barcode Date last seen Date last checked out Price effective from Koha item type
    Dewey Decimal Classification     Juvenile Fiction Footprints International School Library Network Toul Kork Campus Footprints International School Library Network Toul Kork Campus   02/08/2024 4 NES 813.6 PZ7.N43782 FISTK02687 09/18/2024 09/11/2024 02/08/2024 Books